00284nam a2200121Ia 4500003000400000005001700004008004100021020001900062040001700081100002200098245001700120260002500137OSt20240301094106.0170524s9999 xx 000 0 und d a978-8179651360 ciimtu meerut aMEHRA- DR. RAMESH 0aMEDIA NIRMAN bTAKSHILA : NEW DELHI